000
00276nam a22001217a 4500
020
_a
8186250069
082
_a
591
_b
ALK
_c
D
245
_a
Know your wild animals
300
_b
ill.
_c
22 cm
526
_a
0
_b
0
_c
0
_d
591_000000000000000_ALK
650
_a
D
_9
6527
942
_2
ddc
_c
BK
999
_c
550146
_d
550146